1910 1589 1618 1691 1022 1073 1679 1085 1571 1610 1237 1583 1590 1080 1384 1210 1351 1062 1533 1432 1257 1011 1066 1291 1125 1708 1781 1051 1436 1503 1265 1113 1513 1585 1931 1601 1521 1125 1710 1225 1317 1197 1223 1469 1380 1479 1685 1261 1770 1243 1862 1889 1457 1971 1430 1000 1128 1846 1446 1009 1285 1473 1081 1168 1579 1551 1256 1825 1453 1879 1991 1630 1076 1470 1789 1350 1969 1045 1557 1901 1625 1578 1892 1594 1197 1226 1351 1306 1331 1952 1255 1194 1125 1274 1453 1818 1627 1960 1798 BCNSPRNW ULIB Ver.6.0+V

เปลี่ยนเป็นภาษาไทย

Change to English
 แสดงรายละเอียดบรรณานุกรม
  กลับหน้าหลัก

Brief Record : Get Marc (ISO 2709) : E-mail record : QR code < ปิดหน้าต่าง
LEADER : 00000nam 2200000uu 4500
001    13399110133
003     ULIB
008    110422s2552||||th 000 0 tha d
020    9786110300728
060 04 QZ266^bธ349ห 2552
245 00 หนทางพิชิตมะเร็ง :^bแนวทางป้องกัน-รักษา /^cรวบรวมเรียบเรียง, ธรรมปราโมทย์
250    พิมพ์ครั้งที่ 2
260    กรุงเทพฯ :^bธรรมสภา,^c2552
300    275 หน้า :^bภาพประกอบ (ภาพสีบางภาพ) ;^c22 ซม.
500    ชื่อเรื่องจากปก
650  7 มะเร็ง^xการป้องกันและควบคุม
650  7 มะเร็ง^xการรักษา
650  7 มะเร็ง^xผู้ป่วย^xการดูแล
700 0  ธรรมปราโมทย์,^eผู้รวบรวม
945    ^p180^l0^i029990
995    เกษร
999 ^a ใช้งานได้ทุกระบบ
รายการนี้ยังไม่มีแท็ก
คุณยังไม่ได้ล็อกอิน คุณสามารถมีกิจกรรมร่วมกับเว็บไซต์ได้ แต่ต้องล็อกอินก่อน ::
  ล็อกอิน

รายการสื่อสารสนเทศ

ลำดับที่ ประเภท เลขเรียก/บาร์โค้ด สถานที่ สถานะ
- ไม่พบข้อมูล -

รายการใกล้เคียง
    หัวเรื่อง [มะเร็ง การป้องกันและควบคุม]
    หัวเรื่อง [มะเร็ง การรักษา]
    หัวเรื่อง [มะเร็ง ผู้ป่วย การดูแล]

BibComment


ยังไม่เคยถูกคอมเมนท์

คอมเมนท์ทรัพยากรรายการนี้
  คอมเมนท์: หนทางพิชิตมะเร็ง ..


 Copyright 2026. Bcnsprnw @Library